|
|
|
|
| LEADER |
00000nab#a22000007a#4500 |
| 001 |
arbauad026680 |
| 003 |
AR-BaUAD |
| 005 |
20250711112210.0 |
| 008 |
970507|||||||||###||||||b###|0###a|spa|| |
| 040 |
|
|
|a AR-BaUAD
|c AR-BaUAD
|b spa
|
| 245 |
1 |
0 |
|a Pabellón deportivo de Can Puig, Banyoles
|
| 300 |
0 |
|
|b cortes, fot., plantas
|
| 653 |
|
|
|a CROUS-GRABULEDA-RIERA
|
| 653 |
|
|
|a GIRONA
|
| 653 |
|
|
|a ESPAÑA
|
| 653 |
|
|
|a CENTROS DEPORTIVOS
|
| 653 |
|
|
|a PABELLONES
|
| 773 |
0 |
|
|t ON DISEÑO
|g no. 180 [1997], p. 158-167
|
| 942 |
|
|
|c ARTI
|
| 952 |
|
|
|0 0
|1 0
|4 0
|7 0
|9 71599
|a AR-BAuAD
|b AR-BAuAD
|d 2025-07-11
|l 0
|p AAQA026680
|r 2025-07-11 11:22:10
|w 2025-07-11
|y ARTI
|
| 990 |
|
|
|a AQ199
|b TD
|
| 998 |
|
|
|a AAQ
|b BIBUN76
|
| 999 |
|
|
|c 51272
|d 51272
|